¿Migración neohispánica? El impacto de la crisis económica en la emigración española (Record no. 178715)

MARC details
000 -CABECERA
campo de control de longitud fija 02098nab a2200301 a 4500
005 - FECHA Y HORA DE LA ÚLTIMA TRANSACCIÓN
campo de control 20260109104936.0
008 - ELEMENTOS DE LONGITUD FIJA--INFORMACIÓN GENERAL
campo de control de longitud fija 991125c2014 sp fr p o 000 0 spa d
035 ## - NÚMERO DE CONTROL DEL SISTEMA
Número de control de sistema UPN01000206614
040 ## - FUENTE DE LA CATALOGACIÓN
Centro catalogador/agencia de origen MX-MxUPN
Lengua de catalogación spa
Centro/agencia transcriptor MX-MxUPN
Normas de descripción aacr2
049 ## - COLECCIÓN
Colección ART-E
100 1# - ASIENTO PRINCIPAL--NOMBRE PERSONAL
Nombre de persona Domingo i Valls, Andreu
100 1# - ASIENTO PRINCIPAL--NOMBRE PERSONAL
Filiación adomingo@ced.uab.es
100 1# - ASIENTO PRINCIPAL--NOMBRE PERSONAL
Nombre de persona Sabater Coll, Albert
100 1# - ASIENTO PRINCIPAL--NOMBRE PERSONAL
Nombre de persona Ortega Rivera, Enrique
245 10 - MENCIÓN DE TÍTULO
Título ¿Migración neohispánica? El impacto de la crisis económica en la emigración española
506 0# - NOTA DE RESTRICCIONES AL ACCESO
Limitaciones de acceso Acceso abierto
520 3# - NOTA DE RESUMEN, ETC.
Sumario, etc. Uno de los principales efectos de la crisis es el fenómeno reemergente de la emigración española, sobre todo a partir del año 2011. En este artículo se examina dicha emigración desde 2008 hasta los últimos datos publicados de 2012, tomando en consideración la población nacida en España y aquella de procedencia extranjera nacionalizada española, utilizando la Estadística de Variaciones Residenciales (EVR), del INE. Se contextualizan esos flujos por nacionalidad y lugar de nacimiento en la evolución de la crisis económica, y en el discurso que se ha enunciado ante la incertidumbre abierta tanto por la escasa fiabilidad de los datos recogidos como por las consecuencias del ajuste económico. Se identifican los principales países receptores y provincias emisoras y, finalmente, dos características demográficas básicas (edad y sexo), permitiéndonos describir y discriminar una parte importante de la compleja emigración y/o movilidad actual que tiene su punto de partida desde España, y que hemos calificado de “neohispánica”.
650 #2 - ASIENTO SECUNDARIO DE MATERIA - TERMINO TEMATICO
Término de materia o nombre geográfico como elemento de entrada Emigración e inmigración
9 (RLIN) 2252
650 #2 - ASIENTO SECUNDARIO DE MATERIA - TERMINO TEMATICO
Término de materia o nombre geográfico como elemento de entrada Crisis económicas
9 (RLIN) 6212
650 #2 - ASIENTO SECUNDARIO DE MATERIA - TERMINO TEMATICO
Término de materia o nombre geográfico como elemento de entrada Demografía
9 (RLIN) 12536
653 0# - TERMINO DE INDIZACION - NO CONTROLADO
Término no controlado Movilidad
773 ## - ENLACE AL DOCUMENTO FUENTE/ENTRADA DE REGISTRO ANFITRIÓN
Parte(s) relacionada(s) No. 29 (2014), p. 39-66
Título Empiria : revista de metodología de las ciencias sociales
Número Internacional Normalizado para Publicaciones Seriadas 1139-5737
856 4# - LOCALIZACIÓN Y ACCESO ELECTRÓNICOS
Identificador Uniforme del Recurso <a href="https://doi.org/10.5944/empiria.29.2014.12940">https://doi.org/10.5944/empiria.29.2014.12940</a>
856 4# - LOCALIZACIÓN Y ACCESO ELECTRÓNICOS
Identificador Uniforme del Recurso <a href="https://revistas.uned.es/index.php/empiria/article/view/12940">https://revistas.uned.es/index.php/empiria/article/view/12940</a>
902 ## - ELEMENTOS DE DATOS B LOCAL, LDB (RLIN)
Creó Gloria Jiménez/090126
905 ## - TIPO DE MATERIAL
Tipo de material Articulo
942 ## - ELEMENTOS DE PUNTO DE ACCESO ADICIONAL (KOHA)
Tipo de ítem Koha Artículo Electrónico
Holdings
Estado de retiro Estado de pérdida Estado dañado No para préstamo Código de colección Localización permanente Ubicación/localización actual Ubicación en estantería Fecha de adquisición Total de préstamos Fecha visto por última vez Identificador Uniforme del Recurso Precio válido a partir de Tipo de ítem Koha
        Acceso abierto Bib. Gregorio Torres Quintero Bib. Gregorio Torres Quintero En línea 09/01/2026   09/01/2026 https://revistas.uned.es/index.php/empiria/article/view/12940 09/01/2026 Artículo Electrónico